[Event "GER-ch U25-B"]
[Site "Willingen"]
[Date "2023.05.31"]
[Round "5"]
[White "Kutz, Ida Klara"]
[Black "Mueller, Sophie Charlotte"]
[Result "0-1"]
[WhiteElo "1411"]
[BlackElo "1442"]
[PlyCount "76"]
[EventDate "2023.05.27"]
[EventType "swiss"]
[EventRounds "9"]
[EventCountry "GER"]
[SourceTitle "CBM 214 Extra"]
[Source "ChessBase"]
[SourceDate "2023.07.31"]
[SourceVersion "1"]
[SourceVersionDate "2023.07.31"]
[SourceQuality "1"]

1. Nf3 d5 2. g3 Bg4 3. Bg2 Nd7 4. 0-0 c6 5. d3 e6 6. c4 Ngf6 7. Nc3 Be7 8. b3 0-0 9. Bb2 Re8 10. Qc2 Bf8 11. d4 Rc8 12. e4 Bxf3 13. Bxf3 e5 14. exd5 exd4 15. Ne2 c5 16. Bg2 Ne5 17. Nf4 Bd6 18. Rfe1 Qc7 19. Qf5 Qa5 20. Re2 Rc7 21. Nh5 Nxh5 22. Qxh5 Rce7 23. Kh1 Nd3 24. Bf3 Rxe2 25. Bxe2 Nxb2 26. Bf3 Re1+ 27. Rxe1 Qxe1+ 28. Kg2 Qe5 29. Qxe5 Bxe5 30. Kf1 d3 31. d6 Kf8 32. Be2 dxe2+ 33. Kxe2 Bxd6 34. f4 h6 35. Kd2 g5 36. Kc2 Nxc4 37. bxc4 gxf4 38. gxf4 Bxf4 0-1

[Event "GER-chT Lands U20"]
[Site "Wiesbaden"]
[Date "2022.10.03"]
[Round "6.6"]
[White "Henninger, Claire"]
[Black "Mueller, Sophie Charlotte"]
[Result "1-0"]
[WhiteElo "1526"]
[BlackElo "1435"]
[PlyCount "67"]
[EventDate "2022.09.30"]
[EventType "team-swiss"]
[EventRounds "7"]
[EventCountry "GER"]
[SourceTitle "CBM 210 Extra"]
[Source "ChessBase"]
[SourceDate "2022.11.30"]
[SourceVersion "1"]
[SourceVersionDate "2022.11.30"]
[SourceQuality "1"]
[WhiteTeam "Baden U20 II"]
[BlackTeam "Mecklenburg Vorpommern U20"]
[WhiteTeamCountry "GER"]
[BlackTeamCountry "GER"]

1. e4 d5 2. exd5 Qxd5 3. Nc3 Qa5 4. d4 c6 5. Bd2 Bf5 6. Bc4 Nf6 7. Nf3 Nbd7 8. Qe2 Qc7 9. d5 Bg4 10. 0-0-0 Nb6 11. Bg5 Bxf3 12. gxf3 Nfxd5 13. Nxd5 Nxd5 14. Bxd5 cxd5 15. Rxd5 f6 16. Be3 e6 17. Rd3 Bd6 18. Rc3 Qe7 19. Rd1 0-0 20. h4 b6 21. Rg1 g6 22. h5 g5 23. f4 h6 24. fxg5 fxg5 25. Qd3 Bf4 26. Qg6+ Qg7 27. Qxe6+ Kh8 28. Rc6 Bxe3+ 29. fxe3 Kh7 30. Qe4+ Kh8 31. Rg6 Rae8 32. Qc6 Rc8 33. Rxh6+ Kg8 34. Qe6+ 1-0

[Event "GER-chT Lands U20"]
[Site "Berlin"]
[Date "2020.10.04"]
[Round "7.8"]
[White "Huppert, Anna"]
[Black "Mueller, Sophie Charlotte"]
[Result "1/2-1/2"]
[WhiteElo "1440"]
[BlackElo "1459"]
[PlyCount "113"]
[EventDate "2020.09.29"]
[EventType "team-swiss"]
[EventRounds "7"]
[EventCountry "GER"]
[SourceTitle "CBM 198 Extra"]
[Source "ChessBase"]
[SourceDate "2020.11.30"]
[SourceVersion "1"]
[SourceVersionDate "2020.11.30"]
[SourceQuality "1"]
[WhiteTeam "Saarland U20"]
[BlackTeam "Mecklenburg Vorpommern U20"]
[WhiteTeamCountry "GER"]
[BlackTeamCountry "GER"]

1. e4 g6 2. d4 Bg7 3. Nc3 d6 4. f4 a6 5. Bc4 b5 6. Bb3 e6 7. Nf3 Nd7 8. d5 Nc5 9. dxe6 Bxe6 10. Bxe6 fxe6 11. e5 Nh6 12. 0-0 d5 13. Be3 Nb7 14. Ne2 c5 15. c3 Rc8 16. b4 Ng4 17. Bd2 Qb6 18. Kh1 cxb4 19. cxb4 Nf2+ 20. Rxf2 Qxf2 21. Ned4 Rc4 22. Bc1 Rxb4 23. a3 Rc4 24. Rb1 Qa2 25. Nxe6 Kf7 26. Neg5+ Ke8 27. Be3 Rc3 28. Ra1 Qc4 29. Bd2 Rd3 30. Rc1 Qa2 31. e6 Nd6 32. Rc6 Ne4 33. Rc8+ Ke7 34. Bb4+ Kf6 35. Nxe4+ dxe4 36. Bc3+ Rxc3 37. Rxc3 Qxe6 38. Qd4+ Ke7 39. Rc7+ Ke8 40. Qxg7 Rg8 41. Rc8+ Qxc8 42. Qxg8+ Kd7 43. Ne5+ Kc7 44. Qxc8+ Kxc8 45. Kg1 Kc7 46. Kf2 Kd6 47. Ke3 Kd5 48. h4 a5 49. g3 a4 50. Nf7 b4 51. Ng5 bxa3 52. Nxe4 Kc4 53. Nd2+ Kc3 54. Nb1+ Kb2 55. Nxa3 Kxa3 56. g4 Kb3 57. f5 1/2-1/2

[Event "GER-chT Lands U20"]
[Site "Berlin"]
[Date "2020.10.03"]
[Round "6.6"]
[White "Mueller, Sophie Charlotte"]
[Black "Kadach, Maria"]
[Result "1/2-1/2"]
[WhiteElo "1459"]
[BlackElo "1539"]
[PlyCount "77"]
[EventDate "2020.09.29"]
[EventType "team-swiss"]
[EventRounds "7"]
[EventCountry "GER"]
[SourceTitle "CBM 198 Extra"]
[Source "ChessBase"]
[SourceDate "2020.11.30"]
[SourceVersion "1"]
[SourceVersionDate "2020.11.30"]
[SourceQuality "1"]
[WhiteTeam "Mecklenburg Vorpommern U20"]
[BlackTeam "Wuerttemberg U20"]
[WhiteTeamCountry "GER"]
[BlackTeamCountry "GER"]

1. e4 c6 2. d4 d5 3. exd5 cxd5 4. c4 Nf6 5. Nc3 g6 6. Bg5 Bg7 7. Bxf6 Bxf6 8. cxd5 0-0 9. Bc4 Qb6 10. Nge2 Qxb2 11. Rb1 Qa3 12. 0-0 Qa5 13. Ne4 Nd7 14. d6 exd6 15. Nxd6 Qc7 16. Bxf7+ Rxf7 17. Nxf7 Kxf7 18. Qb3+ Kg7 19. Nc3 Bxd4 20. Nb5 Qb6 21. Qd5 Bc5 22. Nd4 Qd6 23. Qxd6 Bxd6 24. Ne6+ Kf6 25. Rfe1 Nc5 26. Nxc5 Bxc5 27. Re8 Bf5 28. Rbe1 Rxe8 29. Rxe8 Be6 30. Rh8 Kg7 31. Rb8 Bd5 32. Rd8 Bxa2 33. Rd7+ Kg8 34. Rxb7 a5 35. Rb8+ Kg7 36. Ra8 Bb4 37. Ra7+ Kg8 38. Ra8+ Kg7 39. Ra7+ 1/2-1/2

[Event "GER-chT Lands U20"]
[Site "Berlin"]
[Date "2020.10.02"]
[Round "5.6"]
[White "Jacoby, Angelina"]
[Black "Mueller, Sophie Charlotte"]
[Result "1-0"]
[WhiteElo "1630"]
[BlackElo "1459"]
[PlyCount "103"]
[EventDate "2020.09.29"]
[EventType "team-swiss"]
[EventRounds "7"]
[EventCountry "GER"]
[SourceTitle "CBM 198 Extra"]
[Source "ChessBase"]
[SourceDate "2020.11.30"]
[SourceVersion "1"]
[SourceVersionDate "2020.11.30"]
[SourceQuality "1"]
[WhiteTeam "Brandenburg U20"]
[BlackTeam "Mecklenburg Vorpommern U20"]
[WhiteTeamCountry "GER"]
[BlackTeamCountry "GER"]

1. c4 Nf6 2. g3 d6 3. Bg2 g6 4. b3 Bg7 5. Bb2 0-0 6. Nc3 c6 7. Rb1 e5 8. e4 Nbd7 9. Nge2 Nc5 10. d3 Ne8 11. 0-0 f5 12. f4 Nf6 13. h3 Be6 14. Ba3 Qb6 15. Kh2 Rfd8 16. b4 Na6 17. Na4 Qc7 18. b5 Nb8 19. Nac3 d5 20. exd5 cxd5 21. cxd5 Nxd5 22. Nxd5 Bxd5 23. Bxd5+ Rxd5 24. Rc1 Qd7 25. Qb3 Kh8 26. Rc8+ Qxc8 27. Qxd5 exf4 28. Rc1 fxg3+ 29. Nxg3 Qd7 30. Qc4 Be5 31. Qc8+ Qxc8 32. Rxc8+ Kg7 33. d4 Bf4 34. Kg2 a6 35. Ne2 axb5 36. Bf8+ Kf7 37. Nxf4 Rxa2+ 38. Kf3 Nc6 39. Bc5 g5 40. Rc7+ Ke8 41. Ne6 g4+ 42. hxg4 fxg4+ 43. Kxg4 Rg2+ 44. Kh3 Rg6 45. d5 Rh6+ 46. Kg3 Rg6+ 47. Kh4 Rh6+ 48. Kg5 Rg6+ 49. Kf5 Nd4+ 50. Bxd4 b4 51. Bc5 b3 52. Re7# 1-0

[Event "Mecklenburg VP-ch U16"]
[Site "Malchow"]
[Date "2019.02.05"]
[Round "5.8"]
[White "Mueller, Sophie Charlotte"]
[Black "Lange, Antonius"]
[Result "0-1"]
[WhiteElo "1327"]
[BlackElo "1367"]
[PlyCount "116"]
[EventDate "2019.02.02"]
[EventType "swiss"]
[EventRounds "7"]
[EventCountry "GER"]
[SourceTitle "EXT 2022"]
[Source "ChessBase"]
[SourceDate "2021.10.06"]
[SourceVersion "1"]
[SourceVersionDate "2021.10.06"]
[SourceQuality "1"]

1. e4 c5 2. d3 Nc6 3. Nd2 g6 4. g3 Bg7 5. Bg2 d6 6. Ngf3 Nf6 7. 0-0 0-0 8. Re1 Nd7 9. Nf1 b5 10. h4 Nde5 11. Nxe5 Nxe5 12. Nh2 Qd7 13. c3 Nc6 14. Be3 e5 15. Qd2 Qe7 16. f4 Rb8 17. Rf1 exf4 18. Bxf4 Be5 19. Rad1 Bd7 20. Nf3 Bg4 21. Nxe5 dxe5 22. Bh6 Bxd1 23. Bxf8 Rxf8 24. Qxd1 Qd7 25. Rf6 Nd8 26. Kh2 Ne6 27. Bh3 Kg7 28. Qf1 Qe7 29. Rf2 Rd8 30. Qe2 Rd6 31. Bf1 Qd7 32. Rf3 c4 33. Qc2 Nc5 34. d4 exd4 35. cxd4 Rxd4 36. Kg1 Nxe4 37. b3 cxb3 38. axb3 Nd2 39. Rc3 Nxf1 40. Kxf1 b4 41. Rc7 Qb5+ 42. Kf2 Rd7 43. Rc4 a5 44. Kg1 Qd5 45. Rc5 Qd1+ 46. Qxd1 Rxd1+ 47. Kf2 Rb1 48. Rxa5 Rxb3 49. Ra1 Rc3 50. Rb1 b3 51. Ke1 Rxg3 52. Kd2 Rh3 53. Ke2 b2 54. Kd1 Rxh4 55. Rxb2 Rh1+ 56. Kc2 Rh2+ 57. Kc3 Rxb2 58. Kxb2 h5 0-1

[Event "Mecklenburg VP-ch U16"]
[Site "Malchow"]
[Date "2019.02.05"]
[Round "6.10"]
[White "Peilert, Janno"]
[Black "Mueller, Sophie Charlotte"]
[Result "0-1"]
[WhiteElo "1183"]
[BlackElo "1327"]
[PlyCount "90"]
[EventDate "2019.02.02"]
[EventType "swiss"]
[EventRounds "7"]
[EventCountry "GER"]
[SourceTitle "EXT 2022"]
[Source "ChessBase"]
[SourceDate "2021.10.06"]
[SourceVersion "1"]
[SourceVersionDate "2021.10.06"]
[SourceQuality "1"]

1. d4 d6 2. c4 g6 3. Nc3 Bg7 4. Nf3 Nf6 5. e4 0-0 6. Bd3 Re8 7. 0-0 c5 8. d5 Nbd7 9. Re1 Ng4 10. Bf4 Nde5 11. Qe2 Nxf3+ 12. Qxf3 Ne5 13. Qe3 Nxd3 14. Qxd3 Qb6 15. Rab1 f6 16. Na4 Qc7 17. Kh1 b6 18. a3 Kh8 19. b4 a6 20. Nc3 Bd7 21. a4 a5 22. bxa5 Rxa5 23. Ra1 Rea8 24. Qc2 Qa7 25. Ra2 Bxa4 26. Qd2 Bb3 27. Nb5 Rxa2 28. Qe3 Qa5 29. Rc1 Bxc4 30. Rxc4 Qxb5 31. Rc1 f5 32. exf5 Ra1 33. h3 Rxc1+ 34. Kh2 Qc4 35. Bg5 Be5+ 36. g3 Qf1 37. Qxc1 Qxc1 38. Bxc1 gxf5 39. Bg5 c4 40. h4 c3 41. Kh3 c2 42. h5 Ra1 43. g4 f4 44. Kh2 c1Q 45. h6 Qh1# 0-1

[Event "Mecklenburg VP-ch U16"]
[Site "Malchow"]
[Date "2019.02.03"]
[Round "3.8"]
[White "Mueller, Sophie Charlotte"]
[Black "Pfennigschmidt, Lennart Ivo"]
[Result "1-0"]
[WhiteElo "1327"]
[BlackElo "1275"]
[PlyCount "45"]
[EventDate "2019.02.02"]
[EventType "swiss"]
[EventRounds "7"]
[EventCountry "GER"]
[SourceTitle "EXT 2022"]
[Source "ChessBase"]
[SourceDate "2021.10.06"]
[SourceVersion "1"]
[SourceVersionDate "2021.10.06"]
[SourceQuality "1"]

1. e4 e5 2. f4 Nc6 3. Nf3 d6 4. Be2 Nf6 5. d3 Bg4 6. 0-0 Qd7 7. c3 0-0-0 8. b4 Bxf3 9. Bxf3 d5 10. exd5 Nxd5 11. Be4 Ndxb4 12. fxe5 Nxe5 13. Bf5 Nbxd3 14. Bxd7+ Rxd7 15. Qe2 Nxc1 16. Rxc1 Bc5+ 17. Kf1 Nd3 18. Rd1 Rhd8 19. a4 Nf4 20. Qg4 Ne6 21. Rxd7 Rxd7 22. g3 Kb8 23. Qe2 1-0

[Event "Mecklenburg VP-ch U14 Girls"]
[Site "Malchow"]
[Date "2018.02.07"]
[Round "2.3"]
[White "Mueller, Sophie Charlotte"]
[Black "Sohrweide, Milena"]
[Result "0-1"]
[WhiteElo "1035"]
[BlackElo "1100"]
[PlyCount "56"]
[EventDate "2018.02.07"]
[EventType "tourn"]
[EventRounds "5"]
[EventCountry "GER"]
[SourceTitle "EXT 2022"]
[Source "ChessBase"]
[SourceDate "2021.10.06"]
[SourceVersion "1"]
[SourceVersionDate "2021.10.06"]
[SourceQuality "1"]

1. e4 e5 2. f4 Nc6 3. Nf3 d6 4. Bb5 Bd7 5. Nc3 Nf6 6. d4 exf4 7. Bxf4 a6 8. Bc4 Bg4 9. 0-0 Be7 10. Qd2 0-0 11. Qe3 Nd7 12. a3 Bh5 13. e5 dxe5 14. dxe5 Bc5 15. Qxc5 Nxc5 16. b4 Ne6 17. Rad1 Qe8 18. Bd3 Nxf4 19. Rde1 Bxf3 20. Rxf3 Nxd3 21. cxd3 Qe6 22. Ne4 Nxe5 23. Nc5 Nxf3+ 24. gxf3 Qxe1+ 25. Kg2 Rfe8 26. Ne4 Rxe4 27. dxe4 Re8 28. Kh3 Qg1 0-1

[Event "Mecklenburg VP-ch Youth"]
[Site "Malchow"]
[Date "2017.02.16"]
[Round "5.10"]
[White "Mueller, Sophie Charlotte"]
[Black "Lange, Antonius"]
[Result "0-1"]
[WhiteElo "1094"]
[BlackElo "1188"]
[PlyCount "74"]
[EventDate "2017.02.08"]
[EventType "swiss"]
[EventRounds "7"]
[EventCountry "GER"]
[SourceTitle "EXT 2022"]
[Source "ChessBase"]
[SourceDate "2021.10.06"]
[SourceVersion "1"]
[SourceVersionDate "2021.10.06"]
[SourceQuality "1"]

1. e4 e5 2. f4 exf4 3. Nf3 Nc6 4. Bc4 Be7 5. 0-0 d6 6. Qe1 Nf6 7. Nc3 Be6 8. b3 0-0 9. d4 Bxc4 10. bxc4 Nd7 11. Qf2 Bf6 12. Bxf4 Re8 13. Rad1 Re7 14. Rfe1 Qe8 15. Qg3 Qd8 16. Bh6 Kh8 17. Bf4 g6 18. e5 dxe5 19. dxe5 Bg7 20. Bg5 f6 21. exf6 Rxe1+ 22. Nxe1 Bf8 23. Kh1 Bd6 24. Qf3 Qe8 25. f7 Qe5 26. g3 Qxg5 27. Ne4 Qe7 28. Qf2 Qxe4+ 29. Ng2 Qf5 30. Qe3 Qxf7 31. Qd4+ Qf6 32. Qd2 Rf8 33. Qe2 Nd4 34. Qe1 Bb4 35. Qg1 Ne2 36. Rf1 Qxf1 37. Qxf1 Rxf1# 0-1

[Event "GER-chT DLM U20"]
[Site "Stuttgart"]
[Date "2010.11.18"]
[Round "3.8"]
[White "Mueller, Sophie Charlotte"]
[Black "Gassmann, Linda"]
[Result "1/2-1/2"]
[WhiteElo "1168"]
[BlackElo "1344"]
[PlyCount "94"]
[EventDate "2010.11.17"]
[EventType "team-tourn"]
[EventRounds "7"]
[EventCountry "GER"]
[SourceTitle "EXT 2022"]
[Source "ChessBase"]
[SourceDate "2021.10.06"]
[SourceVersion "1"]
[SourceVersionDate "2021.10.06"]
[SourceQuality "1"]
[WhiteTeam "Saarland U20"]
[BlackTeam "Wuerttemberg U20 II"]
[WhiteTeamCountry "GER"]
[BlackTeamCountry "GER"]

1. d4 Nf6 2. c4 g6 3. Nc3 Bg7 4. Bf4 0-0 5. e3 d6 6. Nf3 Nbd7 7. Bd3 Re8 8. 0-0 e5 9. dxe5 dxe5 10. Bg5 h6 11. Bxf6 Nxf6 12. Bc2 Qxd1 13. Raxd1 Bg4 14. e4 Bxf3 15. gxf3 Rad8 16. Nb5 c6 17. Nd6 Re7 18. c5 Nh5 19. Bb3 Rdd7 20. Kh1 Kh7 21. Rg1 Nf4 22. Rg3 Bf6 23. Rgg1 Ne2 24. Rge1 Nd4 25. Re3 Bh4 26. Kg2 b6 27. Nc4 bxc5 28. Ba4 Rb7 29. Rb1 Bg5 30. Rc3 Ne2 31. Ra3 Nd4 32. Na5 Rb6 33. Nc4 Ra6 34. Nd6 Rd7 35. Nc4 Re7 36. Nd6 Bd2 37. Bb3 Rxa3 38. bxa3 f5 39. Nc4 Bg5 40. Na5 fxe4 41. fxe4 Bd2 42. Nc4 Bf4 43. Ba4 h5 44. Rb8 Bc1 45. Rc8 Ne2 46. Bc2 Nd4 47. Ba4 Nb5 1/2-1/2